La Ciutat dels infants : balanç i perspectives : 23 de març de 1999 balanç i perspectives :
Publicado:
Barcelona :
Diputació de Barcelona. Area d'Educació. Secció de Cooperació i Suport Educatiu Local : Oficina de Participació i Serveis Educatius als Municipis ,
1999
Descripción Física:
1 f. plegat en 3 parts : 21 cm
MARC
| LEADER | 00000nam a2200000Ia 4500 | ||
|---|---|---|---|
| 001 | 24335 | ||
| 003 | BGR | ||
| 005 | 20260324180616.0 | ||
| 008 | 160829s1999 xx 000 0 cat d | ||
| 080 | |a FU-64-150 | ||
| 111 | |a La Ciutat dels infants : balanç i perspectives. Jornada |9 71340 |c (Barcelona : |d 1999) | ||
| 245 | |a La Ciutat dels infants : |b balanç i perspectives : |b 23 de març de 1999 | ||
| 260 | |a Barcelona : |b Diputació de Barcelona. Area d'Educació. Secció de Cooperació i Suport Educatiu Local : |b Oficina de Participació i Serveis Educatius als Municipis, |c 1999 | ||
| 300 | |a 1 f. plegat en 3 parts : |b 21 cm | ||
| 590 | |a Programa de mà de les jornades, celebrades el 23 de març de 1999, a l'Edifici del Vagó (Barcelona) | ||
| 650 | |a Ciutats |9 37645 | ||
| 650 | |a Educació |9 25969 | ||
| 710 | 1 | |a Barcelona (Catalunya : Província). |b Diputació |9 52408 | |
| 710 | 1 | |a Barcelona (Catalunya : Província). |b Diputació |9 52408 | |
| 901 | |a Arxiu | ||
| 942 | |n 1 |2 udc |c MON | ||
| 952 | |0 0 |1 0 |4 0 |6 FU64150 |7 1 |9 55715 |a Arxiu |b Arxiu |d 2016-12-01 |l 0 |o FU-64-150 |p 24335 |r 2016-12-01 00:00:00 |w 2016-12-01 |y ARXIU | ||
| 999 | |c 59588 |d 59588 | ||